Next generation environmental compliance and enforcement

Detalles Bibliográficos
Autor principal: Paddock, LeRoy C.
Otros Autores: Wentz, Jessica A.
Formato: eBook
Lenguaje:inglés
Publicado: Washington DC: Environmental Law Institute, 2014
Materias:
Acceso en línea:Acceso restringido

MARC

LEADER 00000nam a22000007a 4500
005 20220919225652.0
007 cr|||| ||||
008 220919s2014 us |||||s|||| 00||0 eng d
020 |a 978-1-58576-163-0 
035 |a 36422 
040 |a vLex 
090 |c 13945  |d 13945 
100 1 |a Paddock, LeRoy C. 
245 1 0 |a Next generation environmental compliance and enforcement  |h [Recurso electrn̤ico] /  |c LeRoy C. Paddock, Jessica A. Wentz 
256 |a Servicio en ln̕ea 
260 |a Washington DC:  |b Environmental Law Institute,  |c 2014 
300 |a 1 recurso electrn̤ico 
500 |a Faced with declining budgets, widespread enforcement problems, and an increasingly complex array of environmental challenges, regulators across the world are searching for new strategies to facilitate compliance with environmental laws. The U.S. Environmental Protection Agency (EPA) has spearheaded these efforts with the introduction of its “Next Generation Compliance” initiative, through which the agency hopes to leverage information and technology to streamline enforcement procedures and strengthen compliance with federal environmental laws. Cynthia Giles, the Assistant Administrator for the EPA’s Office of Enforcement and Compliance Assurance (OECA) has outlined five key elements of this initiative – rules with compliance built in, advanced pollution monitoring technologies, electronic reporting systems, increased transparency, and innovative enforcement strategies.In December 2012, EPA representatives and other stakeholders participated in a two-day workshop to exchange ideas and develop strategies for implementing a “Next Generation” approach to environmental enforcement and compliance. This book is a compilation of selected papers from that workshop. These papers cover a broad array of topics, ranging from relatively abstract comparisons of different compliance approaches to focused case studies of regulatory programs. Some of the specific mechanisms identified by the authors to streamline enforcement and compliance include: advanced monitoring technologies, self-certification programs, company compliance management systems, environmental petitions, insurance mechanisms, and regulatory approaches that leverage a company’s internal economic interests to drive behavior 
506 1 |a Disponible solo en los productos indicados  |d vLex Global  |d vLex Global (Academic Edition, excluding Law Schools)  |d vLex Global (Academic Edition, Law Schools) 
650 0 4 |a Derecho del Medio Ambiente  |z Estados Unidos 
700 1 |a Wentz, Jessica A. 
740 0 |a vLex Libros (Servicio en ln̕ea) 
856 4 0 |u https://app.vlex.com/#/sources/36422  |z Acceso restringido 
942 |c BOOK 
999 0 |a Environmental Law